| 000 | 00589cam a2200181 a 4500 | ||
|---|---|---|---|
| 020 | _a0131145606 | ||
| 020 | _a9780131145603 | ||
| 082 | 0 | 0 |
_a624.15136 _bMCC _cNust-2 |
| 100 | 1 |
_aMcCarthy, David F. _926789 |
|
| 245 | 1 | 0 |
_aEssentials of soil mechanics and foundations : _bbasic geotechnics / _cDavid F. McCarthy. |
| 250 | _a7th ed. | ||
| 260 |
_aUpper Saddle River, N.J. : _bPearson/Prentice Hall, _cc2017. |
||
| 300 |
_axiii, 850 p. : _bill., map ; _c25 cm. |
||
| 526 |
_a0 _b0 _c0 _d624_151360000000000_MCC |
||
| 650 | 0 |
_aFoundations. _9892 |
|
| 650 | 0 | _aSoil mechanics. | |
| 942 |
_2ddc _cBK |
||
| 999 |
_c554187 _d554187 |
||